000 00603nam a2200217Ia 4500
005 20260429112313.0
008 260429s9999||||xx |||||||||||||| ||und||
020 _a9781260575231
041 _aEnglish
082 _a540
_bSIL
100 _aSilberberg
245 0 _aChemistry :
_bthe molecular nature of matter and change /
_cSilberberg
250 _a9th ed.
260 _aNew York :
_bMcGraw-Hill Education,
_c2021.
300 _axxix, I-29 p.; pbk
650 _a Chemical reactions
650 _a Molecular structure
650 _aChemistry
700 _a Amateis, Patricia
942 _cTB
999 _c53396
_d53396